Catálogo
 En Linea

Aprendizaje y enseñanza : (Registro nro. 39313)

Detalles MARC
000 -CABECERA
campo de control de longitud fija 00404nam a2200133 a 4500
001 - NÚMERO DE CONTROL
campo de control 000039823
005 - FECHA Y HORA DE LA ÚLTIMA TRANSACCIÓN
campo de control 20201002033744.0
008 - DATOS DE LONGITUD FIJA--INFORMACIÓN GENERAL
campo de control de longitud fija 130724s1972 mx 000 0 spa d
040 ## - FUENTE DE LA CATALOGACIÓN
Centro catalogador/agencia de origen DO-SdBNP
Lengua de catalogación spa
Centro/agencia transcriptor BNPHU
100 1# - ENTRADA PRINCIPAL--NOMBRE DE PERSONA
Nombre de persona Stones, E.
9 (RLIN) 50358
245 10 - MENCIÓN DE TÍTULO
Título Aprendizaje y enseñanza :
Resto del título texto programado /
Mención de responsabilidad, etc. E. Stones.
260 ## - PUBLICACIÓN, DISTRIBUCIÓN, ETC.
Lugar de publicación, distribución, etc. México :
Nombre del editor, distribuidor, etc. Centro Regional de Ayuda Técnica,
Fecha de publicación, distribución, etc. 1972.
300 ## - DESCRIPCIÓN FÍSICA
Extensión 126 ;
Dimensiones 25 cm.
Existencias
Estado de retiro Estado de pérdida Restricciones de uso No para préstamo Código de colección Localización permanente Ubicación/localización actual Ubicación en estantería Fecha de adquisición Número de inventario Total de préstamos Signatura topográfica completa Código de barras Fecha visto por última vez Precio válido a partir de Tipo de ítem Koha
        Monografías: Libros y Folletos General General En catalogación 24.07.2013 LF1   39823-10 25.06.2020 25.06.2020 Préstamo en sala
      Excluido de préstamo Monografías: Libros y Folletos General General Depósito 24.07.2013 LF1   39824-10 25.06.2020 25.06.2020 No se presta

Con tecnología Koha